| 000 | 00612nam a22001817a 4500 | ||
|---|---|---|---|
| 008 | 160209b xxu||||| |||| 00| 0 eng d | ||
| 020 | _a0803613621 | ||
| 100 | _aPatronis-Jones Rebecca A. | ||
| 245 |
_aNursing Leadership and Management _bTheories, Processes and Practice _cRebecca A. Patronis-Jones |
||
| 260 |
_aUSA _bF.A Davis Company _c2007 |
||
| 300 |
_axxi, 452 p. _bill. |
||
| 650 | _2Nursing Services | ||
| 650 | _2Nursing Administration | ||
| 650 | _2Nursing Administrators | ||
| 650 | _2Nursing Supervisory | ||
| 650 | _2Nursing Leadership | ||
| 942 |
_2lcc _cBK _hRT 89 _k.J 66 2007 c.1 |
||
| 999 |
_c15606 _d15606 |
||